| 000 | 01500 a2200193 4500 | ||
|---|---|---|---|
| 001 | 46816 | ||
| 005 | 20260407155738.0 | ||
| 008 | 260407a1979 arg spa d | ||
| 003 | AR-UNSa-BCEJYS | ||
| 040 |
_aAR-UNSa-BCEJYS _bspa _cAR-UNSa-BCEJYS |
||
| 080 |
_a343(094.4) _xCódigo Penal |
||
| 245 | 1 | 0 |
_aCódigo Penal de la República Argentina _py sus leyes y decretos complementarios |
| 264 | 1 |
_aBuenos Aires : _bVíctor P. de Zavalía _c1979 |
|
| 300 |
_a390 p. _c20 cm. |
||
| 505 | _aLIBRO PRIMERO : Disposiciones generales : 1. Aplicación de la ley penal - 2. De las penas - 3. Condenación condicional - 4. Reparación de perjuicios - 5. Impunidad - 6. Tentativa - 7. Participación criminal - 8. Reincidencia - 9. Concurso de delitos - 10. Extinción de acciones y de penas - 11. Del ejercicio de las acciones - 12. Significación de conceptos empleados en el código - - LIBRO SEGUNDO : De los delitos : 1. Delitos contra las personas - 2. Delitos contra el honor - 3. Delitos contra la honestidad - 4. Delitos contra el estado civil - 5. Delitos contra la libertad - 6. Delitos contra la propiedad - 7. Delitos contra la seguridad común - 8. Delitos contra la tranquilidad pública - 9. Delitos contra la seguridad de la Nación - 10. Delitos contra los poderes públicos y el oreden constitucional - 11. Delitos contra la administración pública - 12. Delitos contra la fe pública. | ||
| 942 | _cBK | ||
| 590 | _aniveau_biblio:m niveau_hierar:0 | ||
| 100 | 1 | _aArgentina (Código Penal) | |
| 999 |
_c4249 _d4249 |
||